000 00512nam a2200193Ia 4500
003 IIN
005 20240124124135.0
008 231217s9999 xx 000 0 und d
020 _cRs.375.00
040 _aIIN
_bEnglish
082 _a610.7343
_bBIR
100 1 _aBir, Usha
245 1 _aModel Answer of Community Health Nursing
_cUsha Bir and Kastari Mandal
260 _bAnanda Pub.
_aKolkata
_c2018
300 _axv,463 p.
650 1 _aCommunity Health Nursing
700 1 _aMandal, Kasturi
942 _cBOOK
999 _c557
_d557